Statistiques concernant Footballeur par pays n°10

Cliquez ici pour prendre le quiz!

Statistiques générales

  • Ce quiz a été pris 250 fois
  • Le résultat moyen est 15 sur 18

Statistiques - réponses

joueurPays% Correct
Kylian MbappeFrance
100%
Zinedine ZidaneFrance
99%
Zlatan IbrahimovicSuéde
99%
Thorgan HazardBelgique
97%
Ivan RakitićCroatie
97%
KakáBresil
96%
Samuel Eto'oCameroun
95%
Roberto ManciniItalie
95%
Robin van PersiePays-Bas
95%
Luís FigoPortugal
95%
Shinji KagawaJapon
90%
Arkadiusz MilikPologne
81%
Claudio BravoChili
78%
Syam Ben YoussefTunisie
75%
Victor MosesNigeria
71%
Ryan BabelPays-Bas
70%
Sepp MaierAllemagne
64%
Karel PoborskýRépublique Tchèque
50%

Distribution des résultats

Percentile par nombre de réponses

% des personnes avec chaque résultat

Votre développement - résultats

Vous n’avez pas pris ce quiz